000 00427nam a2200169Ia 4500
008 180921t xxu||||| |||| 00| 0 sin d
041 _asin
080 _a663.52
_bdis
245 _aකොටස් අළෙවිය
246 _aKotas aleviya
260 _bDistilleries Company
300 _a31P, 30 cm
650 _aMarketing
_aShare marketing
942 _cBK
999 _c16615
_d16615
003 LK-CoDNM
040 _aLK-CoDNM
_dLK-CoDNM
_eLK-CoDNM